'T' Is All It Can Be Quiz Stats

 Plays Quiz Updated Oct 12, 2014

Challenge
Share
Tweet
Embed
Score 0/22 Timer 05:00
5 Plays Today
Clue (Length) Answer % Correct
@ (2)At
97.7%
Hot drink made from leaves (3)Tea
97.3%
That thing (2)It
95.4%
Golf ball perch (3)Tee
95%
Consume (3)Eat
94.3%
Outcome with no winner (3)Tie
93.7%
Skin art (6)Tattoo
93.6%
Dorothy Gale's dog (4)Toto
89.4%
Not at home (3)Out
85.7%
Also (3)Too
84.9%
Three letter body part (3)Toe
83.5%
Clue (Length) Answer % Correct
Egyptian Pharaoh (3)Tut
80.7%
Stretched tight (4)Taut
77.6%
A small bird (3)Tit
70%
Soul songstress ____ James (4)Etta
69.5%
Prussian statesman ____ von Bismarck (4)Otto
68%
To transport or carry (4)Tote
65.3%
Greek Letter I (4)Iota
63.6%
Car (4)Auto
63.5%
Greek letter H (3)Eta
58.2%
British art gallery institution (4)Tate
50.5%
To talk about (promote) something or someone (4)Tout
49.6%

You're not logged in!

Compare scores with friends on all Sporcle quizzes.
Join for Free
OR
Log In

You Might Also Like...

Show Comments

Extras

Top Quizzes Today


Score Distribution

Your Account Isn't Verified!

In order to create a playlist on Sporcle, you need to verify the email address you used during registration. Go to your Sporcle Settings to finish the process.

Report this User

Report this user for behavior that violates our Community Guidelines.

Details: